00484nam a2200145Ia 4500003000900000008004100009040001600050080001600066245009900082260005200181300001000233500005200243650001700295700002600312IN-BaIIA211028s9999 xx 000 0 eng d cIIA Library a535.33bFER 0aApplied spectroscopybvol. 1, selected reprints and review articlescedited by John R. Ferraro aNew YorkbSociety of Applied Spectroscopyc1970 a137p. aIn India distrubuted by K Krishnamurthy, Madras aSpectroscopy aFerraro, John R., ed.